| 000 | 01560cam a22004217a 4500 | ||
|---|---|---|---|
| 001 | 000086430 | ||
| 003 | CHAP | ||
| 005 | 20240920124903.0 | ||
| 008 | 001122d2000 mx a r 00110 esp d | ||
| 010 | _a82903 | ||
| 011 | _a83875 | ||
| 020 | _a9687462221 | ||
| 035 | _a94394 | ||
| 040 | _cCHAP | ||
| 082 | 0 | 4 |
_a575.10724 _bV3 |
| 100 | 1 | 0 |
_aValadez Moctezuma, Ernestina _9117225 |
| 245 | 1 | 0 |
_aHuellas del ADN en genomas de plantas : _b(teoría y protocolos de laboratorio) / _c/por Ernestina Valadez Moctezuma y Günter Kahl. |
| 260 |
_aMéxico, D. F. : _bMundi-Prensa, _c2000. |
||
| 300 |
_a147 p. : _bilus. |
||
| 590 |
_aBATCH-UPD _b10 _c20130110 _lUCH01 _h1441 |
||
| 590 |
_aBATCH-UPD _b10 _c20130410 _lUCH01 _h0912 |
||
| 590 |
_aBATCH-UPD _b10 _c20130913 _lUCH01 _h1905 |
||
| 590 |
_aCONVERSION _b10 _c20130109 _lUCH01 _h1346 |
||
| 590 |
_aE11695DGD _b10 _c20170929 _lUCH01 _h1351 |
||
| 650 | 1 | 4 |
_aAcido desoxirribonucléico en plantas. _9581 |
| 650 | 1 | 4 |
_aGenomas. _947508 |
| 650 | 1 | 4 |
_aMarcadores genéticos. _971249 |
| 700 | 0 | _aKahl, Gunter. | |
| 901 | _aBK | ||
| 905 | _aLilia Sánchez G. | ||
| 942 | _cLIBRO | ||
| 942 | _n0 | ||
| 949 |
_a575.10724 V3 _bBC _cLIBRO _d33724000773990 _eLIBRO _h99138 _i94394 _si |
||
| 949 |
_a575.10724 V3 _bBC _cLIBRO _d33724000775797 _eLIBRO _fc.2 _h99139 _i94394 _si |
||
| 949 |
_a575.10724 V3 _bBC _cLIBRO _d33724002131439 _eLIBRO _fc.4 _gI.c/e _h111453 _i94394 _si |
||
| 949 |
_a575.10724 V3 _bBC _cLIBRO _d33724002169710 _eLIBRO _fc.5 _gI.c/e _h112387 _i94394 _so |
||
| 949 |
_a575.10724 V3 _bBC _cUACH _d943943 _eUACH _fc.3 _h99140 _i94394 _sb |
||
| 999 |
_c82903 _d82903 |
||